LEADER 00545naa a2200145 i 4500 001 000000299354 003 CaOOAMICUS 005 20180831172642.0 008 180831n xx u000 u und u 013 $a6992 040 $aSeMil$bita 100 1 $aGoffi, Tullo,$d<1916-1996>.$0(OLS)http://semarc/name/178 245 10$aVirtù nello Spirito. 773 0 $tVirtù dell'uomo e responsabilità storica.$dCinisello Balsamo : San Paolo, 1998.$kTeologia morale : studi e testi$z88-215-3782-X$w()51979 996 $6245$aVirtù nello Spirito$9(OLS)http://semarc/title/375375 LEADER 01053nam a2200265 i 4500 001 000000052849 003 CaOOAMICUS 005 20080523000000.0 008 080523s1946 it u000 u ita u 013 $a24021 040 $aSeMil$bita 100 1 $aTaine, Hippolyte Adolphe <1828-1893>.$0(OLS)http://semarc/name/964 245 12$aL'età di Shakespeare /$cHippolyte Taine. 260 $aMilano :$bBompiani,$cstampa 1946. 300 $a294 p. ;$c22 cm. 490 0 $aPortico : critica e saggi ;$v7 650 4$aLetteratura inglese - Storia.$0(OLS)http://semarc/subject/994 650 4$aMilton, John.$0(OLS)http://semarc/subject/10904 650 4$aRiforma protestante.$0(OLS)http://semarc/subject/4876 830 0$aPortico ;$v7.$0(OLS)http://semarc/title/18498 850 $aSeMil 852 $aSeMil$W1$xVenegono$y1$m1W IV 49$j19003$B19003$CSeMilBibl$Z2$F19005 $81 961 $aOmaggio: Donazione 996 $6245$aL'età di Shakespeare$9(OLS)http://semarc/title/81244 996 $6260$aMilano :$bBompiani$9(OLS)http://semarc/publisher/29706 LEADER 01246nam a2200289 i 4500 001 000000147279 003 CaOOAMICUS 005 20060127000000.0 008 060127s2006 it u000 u ita u 013 $a124353 020 $a88-16-30421-9 040 $aSeMil$bita 100 1 $aBiffi, Inos,$c.$0(OLS)http://semarc/name/282 245 12$aL'eucaristia nella Chiesa :$bmemoria della croce, speranza di risurrezione /$cInos Biffi. 260 $aMilano :$bJaca Book,$c2006. 300 $a55 p. ;$c23 cm. 490 0 $aGià e non ancora [Jaca Book] ;$v421 490 0 $aOpuscoli ;$v9 650 4$aEucaristia - Teologia cattolica.$0(OLS)http://semarc/subject/15702 830 0$aGià e non ancora ;$v421.$0(OLS)http://semarc/title/5902 830 0$aOpuscoli / Inos Biffi ;$v9.$0(OLS)http://semarc/title/423676 850 $aSeMil 852 $aSeMil$W1$xVenegono$y1$m2LA W 39$j270543$B99852$CSeMilBibl$Z2$F108901 $81 961 $aOmaggio: Biffi mons. Inos 996 $6020$a88-16-30421-9$9(OLS)http://semarc/number/135948 996 $6245$aL'eucaristia nella Chiesa :$bmemoria della croce, speranza di risurrezione$9(OLS)http://semarc/title/215359 996 $6260$aMilano :$bJaca Book$9(OLS)http://semarc/publisher/29781